Business Environment of Haryana (Record no. 11137)
[ view plain ]
| 000 -LEADER | |
|---|---|
| fixed length control field | 00484nam a22001817a 4500 |
| 003 - CONTROL NUMBER IDENTIFIER | |
| control field | OSt |
| 008 - FIXED-LENGTH DATA ELEMENTS--GENERAL INFORMATION | |
| fixed length control field | 220413b ||||| |||| 00| 0 eng d |
| 020 ## - INTERNATIONAL STANDARD BOOK NUMBER | |
| International Standard Book Number | 9789353591175 |
| 082 ## - DEWEY DECIMAL CLASSIFICATION NUMBER | |
| Classification number | 650 SIB |
| 100 ## - MAIN ENTRY--PERSONAL NAME | |
| Personal name | SINGH, Naib,. Jassal |
| 245 ## - TITLE STATEMENT | |
| Title | Business Environment of Haryana |
| 250 ## - EDITION STATEMENT | |
| Edition statement | 2nd Revised Edition |
| 260 ## - PUBLICATION, DISTRIBUTION, ETC. (IMPRINT) | |
| Place of publication, distribution, etc | New Delhi |
| Name of publisher, distributor, etc | Kalyani Publishers |
| Date of publication, distribution, etc | 2019 |
| 300 ## - PHYSICAL DESCRIPTION | |
| Extent | 17.18 |
| 650 ## - SUBJECT ADDED ENTRY--TOPICAL TERM | |
| Topical term or geographic name as entry element | Business Environment of Haryana Commerce |
| 700 ## - ADDED ENTRY--PERSONAL NAME | |
| Personal name | SINGH, Satbir |
| 942 ## - ADDED ENTRY ELEMENTS (KOHA) | |
| Source of classification or shelving scheme | Dewey Decimal Classification |
| Koha item type | Text Books |
| Withdrawn status | Lost status | Source of classification or shelving scheme | Damaged status | Not for loan | Collection code | Home library | Current library | Date acquired | Source of acquisition | Currency | Cost, normal purchase price | Bill Number | Total Checkouts | Full call number | Acc. no. / Barcode | Date last seen | Date last borrowed | Actual Cost, discounted price | Bill Date | Koha item type | Checked out |
|---|---|---|---|---|---|---|---|---|---|---|---|---|---|---|---|---|---|---|---|---|---|
| Dewey Decimal Classification | B.Com | PIET NCR College Library | PIET NCR College Library | 01/04/2022 | Kirti Prakashan | Indian Rup | 195.00 | IN5 | 4 | 650 SIB | N2138 | 17/02/2023 | 03/02/2023 | 156.00 | 01/04/2022 | Text Books | |||||
| Dewey Decimal Classification | B.Com | PIET NCR College Library | PIET NCR College Library | 01/04/2022 | Kirti Prakashan | Indian Rup | 195.00 | IN5 | 7 | 650 SIB | N2139 | 13/03/2023 | 13/03/2023 | 156.00 | 01/04/2022 | Text Books | 27/03/2023 | ||||
| Dewey Decimal Classification | B.Com | PIET NCR College Library | PIET NCR College Library | 01/04/2022 | Kirti Prakashan | Indian Rup | 195.00 | IN5 | 6 | 650 SIB | N2140 | 05/08/2022 | 27/07/2022 | 156.00 | 01/04/2022 | Text Books | |||||
| Dewey Decimal Classification | B.Com | PIET NCR College Library | PIET NCR College Library | 01/04/2022 | Kirti Prakashan | Indian Rup | 195.00 | IN5 | 9 | 650 SIB | N2141 | 03/07/2023 | 27/06/2023 | 156.00 | 01/04/2022 | Text Books | |||||
| Dewey Decimal Classification | B.Com | PIET NCR College Library | PIET NCR College Library | 01/04/2022 | Kirti Prakashan | Indian Rup | 195.00 | IN5 | 5 | 650 SIB | N2142 | 05/08/2022 | 22/07/2022 | 156.00 | 01/04/2022 | Text Books | |||||
| Dewey Decimal Classification | B.Com | PIET NCR College Library | PIET NCR College Library | 01/04/2022 | Kirti Prakashan | Indian Rup | 195.00 | IN5 | 6 | 650 SIB | N2143 | 03/07/2023 | 27/06/2023 | 156.00 | 01/04/2022 | Text Books | |||||
| Dewey Decimal Classification | B.Com | PIET NCR College Library | PIET NCR College Library | 01/04/2022 | Kirti Prakashan | Indian Rup | 195.00 | IN5 | 7 | 650 SIB | N2144 | 03/07/2023 | 23/06/2023 | 156.00 | 01/04/2022 | Text Books | |||||
| Dewey Decimal Classification | B.Com | PIET NCR College Library | PIET NCR College Library | 01/04/2022 | Kirti Prakashan | Indian Rup | 195.00 | IN5 | 9 | 650 SIB | N2145 | 05/02/2026 | 27/01/2026 | 156.00 | 01/04/2022 | Text Books | |||||
| Dewey Decimal Classification | B.Com | PIET NCR College Library | PIET NCR College Library | 01/04/2022 | Kirti Prakashan | Indian Rup | 195.00 | IN5 | 5 | 650 SIB | N2146 | 03/07/2023 | 27/06/2023 | 156.00 | 01/04/2022 | Text Books | |||||
| Dewey Decimal Classification | B.Com | PIET NCR College Library | PIET NCR College Library | 01/04/2022 | Kirti Prakashan | Indian Rup | 195.00 | IN5 | 4 | 650 SIB | N2147 | 05/08/2022 | 27/07/2022 | 156.00 | 01/04/2022 | Text Books | |||||
| Dewey Decimal Classification | B.Com | PIET NCR College Library | PIET NCR College Library | 01/04/2022 | Kirti Prakashan | Indian Rup | 195.00 | IN5 | 8 | 650 SIB | N2148 | 03/07/2023 | 15/06/2023 | 156.00 | 01/04/2022 | Text Books | |||||
| Dewey Decimal Classification | B.Com | PIET NCR College Library | PIET NCR College Library | 01/04/2022 | Kirti Prakashan | Indian Rup | 195.00 | IN5 | 6 | 650 SIB | N2149 | 05/08/2022 | 27/07/2022 | 156.00 | 01/04/2022 | Text Books | |||||
| Dewey Decimal Classification | B.Com | PIET NCR College Library | PIET NCR College Library | 01/04/2022 | Kirti Prakashan | Indian Rup | 195.00 | IN5 | 10 | 650 SIB | N2150 | 03/07/2023 | 23/06/2023 | 156.00 | 01/04/2022 | Text Books | |||||
| Dewey Decimal Classification | B.Com | PIET NCR College Library | PIET NCR College Library | 01/04/2022 | Kirti Prakashan | Indian Rup | 195.00 | IN5 | 4 | 650 SIB | N2151 | 05/08/2022 | 27/07/2022 | 156.00 | 01/04/2022 | Text Books | |||||
| Dewey Decimal Classification | B.Com | PIET NCR College Library | PIET NCR College Library | 01/04/2022 | Kirti Prakashan | Indian Rup | 195.00 | IN5 | 5 | 650 SIB | N2152 | 05/08/2022 | 29/07/2022 | 156.00 | 01/04/2022 | Text Books | |||||
| Dewey Decimal Classification | B.Com | PIET NCR College Library | PIET NCR College Library | 01/04/2022 | Kirti Prakashan | Indian Rup | 195.00 | IN5 | 5 | 650 SIB | N2153 | 01/08/2022 | 20/07/2022 | 156.00 | 01/04/2022 | Text Books | |||||
| Dewey Decimal Classification | B.Com | PIET NCR College Library | PIET NCR College Library | 01/04/2022 | Kirti Prakashan | Indian Rup | 195.00 | IN5 | 8 | 650 SIB | N2154 | 03/07/2023 | 27/06/2023 | 156.00 | 01/04/2022 | Text Books | |||||
| Dewey Decimal Classification | B.Com | PIET NCR College Library | PIET NCR College Library | 01/04/2022 | Kirti Prakashan | Indian Rup | 195.00 | IN5 | 8 | 650 SIB | N2155 | 28/08/2023 | 01/05/2023 | 156.00 | 01/04/2022 | Text Books | |||||
| Dewey Decimal Classification | B.Com | PIET NCR College Library | PIET NCR College Library | 01/04/2022 | Kirti Prakashan | Indian Rup | 195.00 | IN5 | 5 | 650 SIB | N2156 | 29/07/2022 | 14/07/2022 | 156.00 | 01/04/2022 | Text Books | |||||
| Dewey Decimal Classification | B.Com | PIET NCR College Library | PIET NCR College Library | 01/04/2022 | Kirti Prakashan | Indian Rup | 195.00 | IN5 | 4 | 650 SIB | N2157 | 29/07/2022 | 06/07/2022 | 156.00 | 01/04/2022 | Text Books | |||||
| Dewey Decimal Classification | B.Com | PIET NCR College Library | PIET NCR College Library | 01/04/2022 | Kirti Prakashan | Indian Rup | 195.00 | IN5 | 8 | 650 SIB | N2158 | 12/03/2026 | 09/03/2026 | 156.00 | 01/04/2022 | Text Books | |||||
| Dewey Decimal Classification | B.Com | PIET NCR College Library | PIET NCR College Library | 01/04/2022 | Kirti Prakashan | Indian Rup | 195.00 | IN5 | 3 | 650 SIB | N2159 | 05/08/2022 | 01/08/2022 | 156.00 | 01/04/2022 | Text Books | |||||
| Dewey Decimal Classification | B.Com | PIET NCR College Library | PIET NCR College Library | 01/04/2022 | Kirti Prakashan | Indian Rup | 195.00 | IN5 | 4 | 650 SIB | N2160 | 16/02/2023 | 02/02/2023 | 156.00 | 01/04/2022 | Text Books | |||||
| Dewey Decimal Classification | B.Com | PIET NCR College Library | PIET NCR College Library | 01/04/2022 | Kirti Prakashan | Indian Rup | 195.00 | IN5 | 5 | 650 SIB | N2161 | 16/02/2023 | 06/02/2023 | 156.00 | 01/04/2022 | Text Books | |||||
| Dewey Decimal Classification | B.Com | PIET NCR College Library | PIET NCR College Library | 01/04/2022 | Kirti Prakashan | Indian Rup | 195.00 | IN5 | 4 | 650 SIB | N2162 | 15/02/2023 | 01/02/2023 | 156.00 | 01/04/2022 | Text Books | |||||
| Dewey Decimal Classification | B.Com | PIET NCR College Library | PIET NCR College Library | 01/04/2022 | Kirti Prakashan | Indian Rup | 195.00 | IN5 | 8 | 650 SIB | N2163 | 08/05/2024 | 05/07/2023 | 156.00 | 01/04/2022 | Text Books | |||||
| Dewey Decimal Classification | B.Com | PIET NCR College Library | PIET NCR College Library | 01/04/2022 | Kirti Prakashan | Indian Rup | 195.00 | IN5 | 6 | 650 SIB | N2164 | 15/03/2023 | 02/03/2023 | 156.00 | 01/04/2022 | Text Books | |||||
| Dewey Decimal Classification | B.Com | PIET NCR College Library | PIET NCR College Library | 01/04/2022 | Kirti Prakashan | Indian Rup | 195.00 | IN5 | 5 | 650 SIB | N2165 | 21/02/2023 | 01/02/2023 | 156.00 | 01/04/2022 | Text Books | |||||
| Dewey Decimal Classification | B.Com | PIET NCR College Library | PIET NCR College Library | 01/04/2022 | Kirti Prakashan | Indian Rup | 195.00 | IN5 | 4 | 650 SIB | N2166 | 24/11/2023 | 03/08/2022 | 156.00 | 01/04/2022 | Text Books | |||||
| Dewey Decimal Classification | B.Com | PIET NCR College Library | PIET NCR College Library | 01/04/2022 | Kirti Prakashan | Indian Rup | 195.00 | IN5 | 7 | 650 SIB | N2167 | 27/06/2023 | 15/06/2023 | 156.00 | 01/04/2022 | Text Books |